000 00402nam a2200169Ia 4500
008 230524s9999 xx 000 0 und d
020 _a8173170118
082 _a681.76
_bBEV
100 _aKapil dev
245 0 _aWorkshop Calculation and science
250 _a1ST
260 _aNEW DELHI
_bAsian
_c2005
300 _aVIII;496
500 _aQuantity Number: 7
650 _aWorkshop
942 _cBK
999 _c26490
_d26490